[Event "SVK-chT2D 2122"]
[Site "Slovakia"]
[Date "2022.03.05"]
[Round "6.4"]
[White "Meszarosova, Eva"]
[Black "Bekiaris, Kosmas"]
[Result "0-1"]
[WhiteElo "1960"]
[BlackElo "2015"]
[PlyCount "126"]
[EventDate "2021.10.16"]
[EventType "team-tourn"]
[EventRounds "11"]
[EventCountry "SVK"]
[SourceTitle "EXT 2023"]
[Source "ChessBase"]
[SourceDate "2022.10.05"]
[SourceVersion "1"]
[SourceVersionDate "2022.10.05"]
[SourceQuality "1"]
[WhiteTeam "Moldava nad Bodvou"]
[BlackTeam "Kosice 1 CC"]
[WhiteTeamCountry "SVK"]
[BlackTeamCountry "SVK"]

1. e4 d5 2. exd5 Nf6 3. d4 Nxd5 4. c4 Nf6 5. Nc3 Nc6 6. d5 Ne5 7. Bf4 Ng6 8. Bg3 e5 9. Qb3 a6 10. Rd1 Bd6 11. Bd3 Nf4 12. Bxf4 exf4 13. Nge2 Ng4 14. Ne4 0-0 15. c5 Be5 16. h3 Qh4 17. g3 fxg3 18. fxg3 Qh6 19. Bb1 Bd7 20. Qf3 Ne3 21. Rd3 Nc4 22. Nf2 f5 23. b3 Na3 24. 0-0 Nxb1 25. Rxb1 Rae8 26. Rbd1 Bf6 27. Nf4 Be5 28. Ne2 g5 29. Nd4 Qg6 30. Qg2 Bxd4 31. Rxd4 Re2 32. R4d2 Qe8 33. Rxe2 Qxe2 34. a4 Re8 35. Qf1 Qe3 36. Qd3 Qxc5 37. d6 cxd6 38. Qd5+ Qxd5 39. Rxd5 Re6 40. g4 Rf6 41. gxf5 Bxf5 42. b4 Kf7 43. Rd4 Ke7 44. Kg2 Bd7 45. a5 Bc6+ 46. Kg1 h5 47. Nd3 Rg6 48. Kf2 h4 49. Ke3 Ke6 50. Nf2 Kf5 51. Kd2 Re6 52. Ng4 Bf3 53. Ne3+ Ke5 54. Rc4 d5 55. Rc7 d4 56. Rc5+ Ke4 57. Nc4 Kf4 58. Kd3 Be2+ 59. Kxd4 Re4+ 60. Kd5 Rxc4 61. Rxc4+ Bxc4+ 62. Kxc4 g4 63. Kc5 gxh3 0-1

[Event "SVK-chT2D 2122"]
[Site "Slovakia"]
[Date "2021.11.14"]
[Round "4.4"]
[White "Presalovic, Marcel"]
[Black "Bekiaris, Kosmas"]
[Result "1/2-1/2"]
[WhiteElo "2041"]
[BlackElo "2008"]
[PlyCount "59"]
[EventDate "2021.10.16"]
[EventType "team-tourn"]
[EventRounds "11"]
[EventCountry "SVK"]
[SourceTitle "EXT 2023"]
[Source "ChessBase"]
[SourceDate "2022.10.05"]
[SourceVersion "1"]
[SourceVersionDate "2022.10.05"]
[SourceQuality "1"]
[WhiteTeam "Stropkov/Svidnik"]
[BlackTeam "Kosice 1 CC"]
[WhiteTeamCountry "SVK"]
[BlackTeamCountry "SVK"]

1. e4 d5 2. exd5 Nf6 3. Nf3 Nxd5 4. d4 Bf5 5. Be2 Nb4 6. Na3 e6 7. 0-0 Be7 8. c3 Nd5 9. Nc4 0-0 10. Nfe5 c5 11. Bf3 f6 12. Ng4 Nc6 13. Nge3 Bg6 14. Nxd5 exd5 15. Ne3 cxd4 16. Nxd5 dxc3 17. Nxe7+ Qxe7 18. bxc3 Rfd8 19. Qb3+ Bf7 20. Qc2 Bc4 21. Rd1 Rxd1+ 22. Qxd1 Rd8 23. Bd2 Qd6 24. Be3 Qxd1+ 25. Bxd1 Bxa2 26. Ba4 Bc4 27. Bxc6 bxc6 28. Bxa7 Ra8 29. h4 Bb5 30. Ra3 1/2-1/2

[Event "SVK-chT2D 2122"]
[Site "Slovakia"]
[Date "2021.11.13"]
[Round "3.5"]
[White "Bella, Julius"]
[Black "Bekiaris, Kosmas"]
[Result "1/2-1/2"]
[WhiteElo "1941"]
[BlackElo "2008"]
[PlyCount "49"]
[EventDate "2021.10.16"]
[EventType "team-tourn"]
[EventRounds "11"]
[EventCountry "SVK"]
[SourceTitle "EXT 2023"]
[Source "ChessBase"]
[SourceDate "2022.10.05"]
[SourceVersion "1"]
[SourceVersionDate "2022.10.05"]
[SourceQuality "1"]
[WhiteTeam "Michalovce Zemplin II"]
[BlackTeam "Kosice 1 CC"]
[WhiteTeamCountry "SVK"]
[BlackTeamCountry "SVK"]

1. e4 d5 2. exd5 Nf6 3. d4 Nxd5 4. c4 Nf6 5. Nf3 Bg4 6. Be2 e6 7. 0-0 Bd6 8. Nc3 0-0 9. Ne5 Bf5 10. Qb3 Qc8 11. Bf4 Nbd7 12. Nb5 Bxe5 13. dxe5 Ne4 14. Bf3 a6 15. Nd4 Bg6 16. Qe3 Nec5 17. Rad1 Na4 18. b3 Nab6 19. a4 c5 20. Ne2 Qc7 21. Rd6 Nc8 22. Rd2 Ne7 23. Rfd1 Nf5 24. Qc3 Rad8 25. g4 1/2-1/2

[Event "SVK-chT2D 2122"]
[Site "Slovakia"]
[Date "2021.10.17"]
[Round "2.5"]
[White "Hurtuk, Radovan"]
[Black "Bekiaris, Kosmas"]
[Result "1/2-1/2"]
[WhiteElo "2017"]
[BlackElo "2034"]
[PlyCount "36"]
[EventDate "2021.10.16"]
[EventType "team-tourn"]
[EventRounds "11"]
[EventCountry "SVK"]
[SourceTitle "EXT 2023"]
[Source "ChessBase"]
[SourceDate "2022.10.05"]
[SourceVersion "1"]
[SourceVersionDate "2022.10.05"]
[SourceQuality "1"]
[WhiteTeam "Kezmarok"]
[BlackTeam "Kosice 1 CC"]
[WhiteTeamCountry "SVK"]
[BlackTeamCountry "SVK"]

1. e4 d5 2. exd5 Nf6 3. Nf3 Nxd5 4. Bc4 Bg4 5. d4 e6 6. Bb3 Bd6 7. h3 Bh5 8. c4 Nf6 9. Nc3 0-0 10. Bg5 h6 11. Be3 c6 12. g4 Bg6 13. g5 hxg5 14. Bxg5 Be7 15. Ne5 Bh5 16. Ng4 Bg6 17. Ne5 Bh5 18. Ng4 Bg6 1/2-1/2

[Event "SVK-chT1E 1920"]
[Site "Slovakia"]
[Date "2020.01.25"]
[Round "7.5"]
[White "Bekiaris, Kosmas"]
[Black "Zatko, Gregor"]
[Result "1/2-1/2"]
[WhiteElo "2071"]
[BlackElo "2108"]
[PlyCount "53"]
[EventDate "2019.10.12"]
[EventType "team-tourn"]
[EventRounds "11"]
[EventCountry "SVK"]
[SourceTitle "CBM 194 Extra"]
[Source "ChessBase"]
[SourceDate "2020.03.31"]
[SourceVersion "1"]
[SourceVersionDate "2020.03.31"]
[SourceQuality "1"]
[WhiteTeam "Kosice 1 CC"]
[BlackTeam "Banska Bystrica Junior"]
[WhiteTeamCountry "SVK"]
[BlackTeamCountry "SVK"]

1. e4 c5 2. c3 Nf6 3. e5 Nd5 4. d4 cxd4 5. cxd4 d6 6. Nf3 e6 7. Bb5+ Bd7 8. Bxd7+ Qxd7 9. 0-0 Nc6 10. Nbd2 Be7 11. Ne4 0-0 12. a3 Rac8 13. Bd2 Qc7 14. exd6 Bxd6 15. Nc3 Nxc3 16. Bxc3 Ne7 17. g3 Nd5 18. Rc1 Qe7 19. Qd2 Rfd8 20. Rfe1 Qd7 21. Qd3 h6 22. Bd2 Qa4 23. Rxc8 Rxc8 24. Rc1 Rxc1+ 25. Bxc1 Nb6 26. b3 Qc6 27. Bb2 1/2-1/2

[Event "SVK-chT1E 1920"]
[Site "Slovakia"]
[Date "2019.11.09"]
[Round "3.5"]
[White "Bekiaris, Kosmas"]
[Black "Saga, Vladimir"]
[Result "1/2-1/2"]
[WhiteElo "2054"]
[BlackElo "2082"]
[PlyCount "121"]
[EventDate "2019.10.12"]
[EventType "team-tourn"]
[EventRounds "11"]
[EventCountry "SVK"]
[SourceTitle "CBM 193 Extra"]
[Source "ChessBase"]
[SourceDate "2020.01.31"]
[SourceVersion "1"]
[SourceVersionDate "2020.01.31"]
[SourceQuality "1"]
[WhiteTeam "Kosice 1 CC"]
[BlackTeam "Cadca"]
[WhiteTeamCountry "SVK"]
[BlackTeamCountry "SVK"]

1. e4 c5 2. c3 Nc6 3. d4 cxd4 4. cxd4 e6 5. Nf3 Nf6 6. d5 Bb4+ 7. Nc3 Ne7 8. d6 Ng6 9. Bg5 Qb6 10. Qc2 Qxd6 11. Bxf6 gxf6 12. a3 Bxc3+ 13. Qxc3 Ne5 14. Nd4 a6 15. Rd1 Qe7 16. Be2 Nc6 17. Nc2 b5 18. Qg3 Bb7 19. 0-0 h5 20. h4 Ne5 21. Qe3 Ng4 22. Qd3 Rc8 23. Bxg4 hxg4 24. g3 d5 25. Ne3 dxe4 26. Qd4 0-0 27. Nxg4 Kg7 28. Qe3 Rh8 29. Rd2 Qc5 30. Qf4 Qf5 31. Qxf5 exf5 32. Ne3 Kg6 33. Rd7 Bc6 34. Rd6 Rhe8 35. Ng2 Kg7 36. Ne3 Re5 37. Rfd1 a5 38. b4 axb4 39. axb4 Kg6 40. Ng2 e3 41. fxe3 Bxg2 42. Kxg2 Rxe3 43. R6d3 Rc2+ 44. R1d2 Rxd3 45. Rxc2 Rb3 46. Rc5 Rxb4 47. Kf2 Rb1 48. Kf3 b4 49. Rb5 b3 50. Kf2 b2 51. Kg2 f4 52. gxf4 f5 53. Kh2 Kh5 54. Rxf5+ Kxh4 55. Rb5 f5 56. Kg2 Kg4 57. Rb4 Kh5 58. Rb6 Kh4 59. Rb5 Kh5 60. Rb6 Kg4 61. Rb4 1/2-1/2